[Event "San Francisco TNM Winter op"]
[Site "San Francisco"]
[Date "2009.02.17"]
[Round "7"]
[White "Chirila, Sergiu"]
[Black "Mar, Henry"]
[Result "1-0"]
[WhiteElo "1734"]
[BlackElo "1500"]
[PlyCount "51"]
[EventDate "2009.01.06"]
[EventType "swiss"]
[EventRounds "8"]
[EventCountry "USA"]
[SourceTitle "EXT 2012"]
[Source "ChessBase"]
[SourceDate "2011.11.24"]
[SourceVersion "1"]
[SourceVersionDate "2011.11.24"]
[SourceQuality "1"]

1. e4 c5 2. Nf3 d6 3. c3 Nf6 4. Be2 Nxe4 5. Qa4+ Bd7 6. Qxe4 Bc6 7. Qc2 g6 8. 0-0 Bg7 9. d4 b6 10. Re1 0-0 11. Bg5 Nd7 12. Qd2 Nf6 13. Bc4 e6 14. Qd3 Qc7 15. Bxf6 Bxf6 16. d5 exd5 17. Bxd5 Rae8 18. Nbd2 Bd7 19. Ne4 Be7 20. h4 Bf5 21. h5 Be6 22. hxg6 hxg6 23. Neg5 Bxg5 24. Nxg5 Bf5 25. Qc4 Re7 26. Qh4 1-0

[Event "San Francisco TNM Winter op"]
[Site "San Francisco"]
[Date "2009.01.13"]
[Round "2"]
[White "Chirila, Sergiu"]
[Black "Periwal, Prashant"]
[Result "1-0"]
[WhiteElo "1734"]
[BlackElo "1869"]
[PlyCount "101"]
[EventDate "2009.01.06"]
[EventType "swiss"]
[EventRounds "8"]
[EventCountry "USA"]
[SourceTitle "EXT 2012"]
[Source "ChessBase"]
[SourceDate "2011.11.24"]
[SourceVersion "1"]
[SourceVersionDate "2011.11.24"]
[SourceQuality "1"]

1. d4 d5 2. c4 e6 3. Nc3 Nf6 4. Nf3 Bb4 5. e3 0-0 6. a3 Bxc3+ 7. bxc3 Nc6 8. Bd3 Ne4 9. Qc2 f5 10. 0-0 Ne7 11. a4 Rf6 12. Ne5 Ng6 13. f3 Nd6 14. e4 fxe4 15. fxe4 Rxf1+ 16. Kxf1 Nxe5 17. dxe5 Nxe4 18. Ba3 Qh4 19. g3 Nxg3+ 20. hxg3 Qh1+ 21. Ke2 Qxa1 22. Bxh7+ Kh8 23. Bf8 Qh1 24. Bxg7+ Kxg7 25. Qg6+ Kf8 26. Qf6+ Ke8 27. Bg6+ Kd7 28. Qf7+ Kc6 29. cxd5+ Qxd5 30. Qf4 Qg2+ 31. Kd3 Qd5+ 32. Ke2 Qa2+ 33. Kf3 a5 34. Qd4 Bd7 35. Be4+ Qd5 36. Qc4+ Kb6 37. Bxd5 exd5 38. Qd4+ c5 39. Qf4 Re8 40. g4 Re6 41. Qf7 Kc6 42. Kf4 d4 43. cxd4 cxd4 44. Ke4 d3 45. Kxd3 Rxe5 46. g5 Kd6 47. Qf8+ Kd5 48. Qf7+ Kd6 49. Kd4 Rf5 50. Qg6+ Be6 51. Qe8 1-0

[Event "San Francisco TNM Fall op"]
[Site "San Francisco"]
[Date "2008.12.16"]
[Round "10"]
[White "Chirila, Sergiu"]
[Black "Livschitz, Louiza"]
[Result "1-0"]
[WhiteElo "1636"]
[BlackElo "1977"]
[PlyCount "67"]
[EventDate "2008.10.14"]
[EventType "swiss"]
[EventRounds "10"]
[EventCountry "USA"]
[SourceTitle "EXT 2012"]
[Source "ChessBase"]
[SourceDate "2011.11.24"]
[SourceVersion "1"]
[SourceVersionDate "2011.11.24"]
[SourceQuality "1"]

1. c4 Nf6 2. g3 g6 3. Bg2 Bg7 4. Nf3 0-0 5. d4 d6 6. Nc3 Nbd7 7. e4 e5 8. d5 Nc5 9. Bg5 h6 10. Bxf6 Qxf6 11. b4 Na6 12. a3 Qe7 13. Rc1 f5 14. Nh4 Qf7 15. 0-0 f4 16. Nf3 g5 17. Nd2 Bd7 18. Na4 b6 19. c5 bxc5 20. bxc5 Bxa4 21. Qxa4 Nxc5 22. Qc4 g4 23. f3 h5 24. Nb3 fxg3 25. fxg4 gxh2+ 26. Kh1 Qg6 27. gxh5 Qxh5 28. Nxc5 dxc5 29. Qxc5 Bh6 30. Rb1 Rf7 31. Rxf7 Qxf7 32. Qc6 Rd8 33. Qxh6 Qe7 34. Bh3 1-0

[Event "San Francisco TNM Fall op"]
[Site "San Francisco"]
[Date "2008.12.02"]
[Round "8"]
[White "Chirila, Sergiu"]
[Black "Mar, Henry"]
[Result "1-0"]
[WhiteElo "1636"]
[BlackElo "1511"]
[PlyCount "65"]
[EventDate "2008.10.14"]
[EventType "swiss"]
[EventRounds "10"]
[EventCountry "USA"]
[SourceTitle "EXT 2012"]
[Source "ChessBase"]
[SourceDate "2011.11.24"]
[SourceVersion "1"]
[SourceVersionDate "2011.11.24"]
[SourceQuality "1"]

1. e4 c5 2. c3 Nc6 3. d4 cxd4 4. cxd4 d6 5. d5 Ne5 6. f4 Nd7 7. Nf3 Nc5 8. Nc3 a6 9. b4 Nd7 10. Bb2 Qb6 11. Qd4 Qxd4 12. Nxd4 g6 13. Ncb5 Bg7 14. Nc7+ Kf8 15. Nde6+ fxe6 16. Nxe6+ Kf7 17. Bxg7 Ngf6 18. Bxh8 Nxe4 19. Ng5+ Nxg5 20. fxg5 b5 21. Be2 Kg8 22. Bd4 Bb7 23. Bf3 Rc8 24. Kd2 Rc4 25. Kd3 Rxb4 26. Rac1 Rc4 27. Rxc4 bxc4+ 28. Kxc4 Kf8 29. Rb1 Bc8 30. h3 Kf7 31. Bg4 Nb6+ 32. Rxb6 Bxg4 33. hxg4 1-0

[Event "San Francisco TNM Fall op"]
[Site "San Francisco"]
[Date "2008.11.25"]
[Round "7"]
[White "Manvelyan, Hovik"]
[Black "Chirila, Sergiu"]
[Result "1-0"]
[WhiteElo "1872"]
[BlackElo "1636"]
[PlyCount "121"]
[EventDate "2008.10.14"]
[EventType "swiss"]
[EventRounds "10"]
[EventCountry "USA"]
[SourceTitle "EXT 2012"]
[Source "ChessBase"]
[SourceDate "2011.11.24"]
[SourceVersion "1"]
[SourceVersionDate "2011.11.24"]
[SourceQuality "1"]

1. e4 c5 2. Nc3 Nc6 3. g3 Nf6 4. Bg2 e6 5. f4 d6 6. Nf3 Be7 7. 0-0 0-0 8. d3 Rb8 9. h3 b6 10. g4 Bb7 11. b3 a6 12. Bb2 Qc7 13. g5 Nd7 14. Qe1 Nd4 15. Ne2 e5 16. Nexd4 cxd4 17. Rc1 exf4 18. Bxd4 Ne5 19. h4 f6 20. Bxe5 dxe5 21. b4 fxg5 22. hxg5 Bc8 23. a3 Bg4 24. Nh2 Bh5 25. Qh4 Bg6 26. Nf3 h6 27. Bh3 Qd6 28. Qg4 h5 29. Qe6+ Bf7 30. Qxe5 Qxe5 31. Nxe5 Rb7 32. g6 Be8 33. Be6+ Kh8 34. Nf7+ Bxf7 35. Bxf7 Bf6 36. Rce1 Rfxf7 37. gxf7 Rxf7 38. e5 Bh4 39. e6 Re7 40. Re4 g5 41. d4 Kg7 42. d5 Kf6 43. c4 Kf5 44. Rd4 Ke5 45. Rfd1 g4 46. c5 bxc5 47. bxc5 f3 48. c6 Kd6 49. Rb4 Bg5 50. Rd3 Re8 51. Rb7 h4 52. Rg7 Rf8 53. Rxg5 f2+ 54. Kf1 g3 55. Rd1 Rf3 56. Kg2 Rxa3 57. Rg7 Re3 58. Rd7+ Ke5 59. e7 Kf4 60. Rf1 Re1 61. Rxf2+ 1-0

[Event "San Francisco TNM Fall op"]
[Site "San Francisco"]
[Date "2008.11.11"]
[Round "5"]
[White "Chernobilskiy, Mikhail"]
[Black "Chirila, Sergiu"]
[Result "0-1"]
[WhiteElo "1790"]
[BlackElo "1636"]
[PlyCount "80"]
[EventDate "2008.10.14"]
[EventType "swiss"]
[EventRounds "10"]
[EventCountry "USA"]
[SourceTitle "EXT 2012"]
[Source "ChessBase"]
[SourceDate "2011.11.24"]
[SourceVersion "1"]
[SourceVersionDate "2011.11.24"]
[SourceQuality "1"]

1. e4 c5 2. Nc3 e6 3. g3 Nc6 4. Bg2 Nf6 5. d3 Be7 6. f4 d6 7. Nf3 e5 8. 0-0 Bg4 9. Be3 h5 10. h3 Bxf3 11. Qxf3 Nd4 12. Qf2 Qd7 13. Nd1 0-0-0 14. c3 Nc6 15. a4 Nh7 16. b4 g5 17. f5 Nf6 18. b5 Na5 19. Nb2 b6 20. Rfd1 Qc7 21. d4 g4 22. h4 d5 23. dxe5 Qxe5 24. Bf4 Qxc3 25. Rd3 Qb4 26. e5 Ne4 27. Qe2 c4 28. Rda3 Bc5+ 29. Kh2 Bd4 30. Be3 Bxe3 31. Rxe3 Qc5 32. Bxe4 dxe4 33. Rxe4 c3 34. Nd3 Rxd3 35. Qxd3 Rd8 36. Qe3 Rd2+ 37. Kg1 Qxe3+ 38. Rxe3 c2 39. Ree1 Nb3 40. Ra3 Rd1 0-1